1291 1923 1332 1681 1541 1418 1381 1874 1122 1563 1687 1670 1325 1332 1219 1944 1733 1001 1288 1652 1460 1193 1749 1506 1380 1782 1443 1753 1472 1658 1855 1202 1468 1652 1886 1585 1373 1186 1845 1993 1761 1292 1225 1972 1130 1388 1232 1572 1795 1457 1526 1026 1820 1020 1905 1890 1788 1869 1226 1711 1471 1341 1690 1403 1136 1165 1902 1562 1405 1387 1595 1975 1458 1396 1684 1041 1205 1858 1295 1380 1120 1093 1739 1745 1236 1453 1407 1214 1271 1550 1717 1111 1975 1818 1229 1700 1745 1373 1447 BCNSPRNW ULIB Ver.6.0+V

เปลี่ยนเป็นภาษาไทย

Change to English
 แสดงรายละเอียดบรรณานุกรม
  กลับหน้าหลัก

Brief Record : Get Marc (ISO 2709) : E-mail record : QR code < ปิดหน้าต่าง
LEADER : 00000nam 2200000uu 4500
001    13399120722
003     ULIB
008    020711s2548 th a 000 0 tha d
020    9789744913814
020    9744913819
050  4 BQ4190^bช161ช
100    ชุติปัญโญ
245    ชีวิตที่เหนื่อยนักพักเสียบ้างดีไหม? /^cชุติปัญโญ
250    พิมพ์ครั้งที่ 3
260    กรุงเทพฯ :^bใยไหม,^c2548
300    191 หน้า
650    ธรรมะ
650    จิตวิทยาประยุกต์
945    ^p159^l0^i15354
999    ^aทศพร เกษรทอง
รายการนี้ยังไม่มีแท็ก
คุณยังไม่ได้ล็อกอิน คุณสามารถมีกิจกรรมร่วมกับเว็บไซต์ได้ แต่ต้องล็อกอินก่อน ::
  ล็อกอิน

รายการสื่อสารสนเทศ

ลำดับที่ ประเภท เลขเรียก/บาร์โค้ด สถานที่ สถานะ
1. วิทยาศาสตร์การแพทย์ และสุขภาพ
วิทยาศาสตร์การแพทย์ และสุขภาพ
BQ4190 ช161ช ฉ.1 
  Barcode: 15354
ห้องสมุดวิทยาเขตสวรรค์ประชารักษ์
►หนังสือทั่วไป
บนชั้น

รายการใกล้เคียง
    ผู้แต่ง [ชุติปัญโญ]

    หัวเรื่อง [ธรรมะ]
    หัวเรื่อง [จิตวิทยาประยุกต์]

BibComment


ยังไม่เคยถูกคอมเมนท์

คอมเมนท์ทรัพยากรรายการนี้
  คอมเมนท์: ชีวิตที่เหนื่อยนั..


 Copyright 2026. Bcnsprnw @Library